Powiaty na Opolszczyźnie - Statystyki

Ogólne statystyki
  • Ten quiz został rozwiązany 27 razy
  • Średni wynik to 11 z 12
Statystyki odpowiedzi
Powiaty % Poprawnych
brzeski
100%
opolski
100%
kluczborski
96%
Opole
93%
strzelecki
93%
kędzierzyńsko-kozielski
89%
nyski
89%
prudnicki
89%
krapkowicki
85%
namysłowski
85%
głubczycki
81%
oleski
81%
Nie znaleziono quizów pasujących do podanych kryteriów
Rozkład punktacji
Procent ludzi z każdym wynikiem
Percentyl według liczby udzielonych odpowiedzi
Twoja historia wyników
Nie rozwiązałeś tego quizu